Big Ten Men's Basketball First Team 2010-2022 - Statistics

General Stats
  • This quiz has been taken 11 times
    8 since last reset
  • The average score is 24 of 66
Answer Stats
Year Position School Player % Correct
2012-2013 G Indiana Victor Oladipo
83%
2014-2015 C Wisconsin Frank Kaminsky
67%
2013-2014 C Wisconsin Frank Kaminsky
67%
2021-2022 G Purdue Jaden Ivey
67%
2019-2020 C Maryland Jalen Smith
67%
2011-2012 F Ohio St. Jared Sullinger
67%
2010-2011 F Ohio St. Jared Sullinger
67%
2021-2022 G Wisconsin Johnny Davis
67%
2021-2022 F Iowa Keegan Murray
67%
2021-2022 C Illinois Kofi Cockburn
67%
2020-2021 C Illinois Kofi Cockburn
67%
2020-2021 C Iowa Luka Garza
67%
2019-2020 C Iowa Luka Garza
67%
2012-2013 G Michigan Trey Burke
67%
2020-2021 G Illinois Ayo Dosunmu
50%
2016-2017 C Purdue Caleb Swanigan
50%
2018-2019 G Purdue Carsen Edwards
50%
2017-2018 G Purdue Carsen Edwards
50%
2019-2020 G Michigan St. Cassius Winston
50%
2018-2019 G Michigan St. Cassius Winston
50%
2012-2013 C Indiana Cody Zeller
50%
2015-2016 G Michigan St. Denzel Valentine
50%
2011-2012 F Michigan St. Draymond Green
50%
2021-2022 F Ohio St. E.J. Liddell
50%
2020-2021 F Ohio St. E.J. Liddell
50%
2018-2019 F Wisconsin Ethan Happ
50%
2017-2018 F Wisconsin Ethan Happ
50%
2016-2017 F Wisconsin Ethan Happ
50%
2017-2018 F Michigan St. Miles Bridges
50%
2011-2012 F Purdue Robbie Hummel
50%
2020-2021 C Purdue Trevion Williams
50%
2012-2013 G Ohio St. Aaron Craft
33%
2015-2016 C Purdue A.J. Hammons
33%
2012-2013 F Ohio St. Deshaun Thomas
33%
2010-2011 C Purdue JaJuan Johnson
33%
2017-2018 F Ohio St. Keita Bates-Diop
33%
2013-2014 G Michigan Nik Stauskas
33%
2016-2017 G Iowa Peter Jok
33%
2011-2012 G Penn St. Tim Frazier
33%
2015-2016 G Indiana Yogi Ferrell
33%
2014-2015 G Indiana Yogi Ferrell
33%
2014-2015 F Iowa Aaron White
17%
2018-2019 C Maryland Bruno Fernando
17%
2014-2015 G Ohio St. D'Angelo Russell
17%
2013-2014 G Iowa Devyn Marble
17%
2010-2011 G Purdue E'Twaun Moore
17%
2013-2014 G Michigan St. Gary Harris
17%
2015-2016 F Iowa Jarrod Uthoff
17%
2011-2012 G Wisconsin Jordan Taylor
17%
2010-2011 G Wisconsin Jordan Taylor
17%
2019-2020 F Penn State Lamar Stevens
17%
2018-2019 F Penn St. Lamar Stevens
17%
2016-2017 G Maryland Melo Trimble
17%
2015-2016 G Maryland Melo Trimble
17%
2014-2015 G Maryland Melo Trimble
17%
2010-2011 G Penn St. Talor Battle
17%
2012-2013 G Michigan Tim Hardaway Jr.
17%
2017-2018 G Penn St. Tony Carr
17%
2019-2020 G Maryland Anthony Cowan Jr.
0%
2014-2015 G Maryland Dez Wells
0%
2017-2018 G Nebraska James Palmer Jr.
0%
2011-2012 F Northwestern John Shurna
0%
2010-2011 F Wisconsin Jon Leuer
0%
2016-2017 G Minnesota Nate Mason
0%
2015-2016 F Wisconsin Nigel Hayes
0%
2013-2014 G Nebraska Terran Petteway
0%
No matching quizzes found
Score Distribution
Percent of People with Each Score
Percentile by Number Answered
Your Score History
You have not taken this quiz since the last reset